| 000 | 01011cam a2200313 a 4500 | ||
|---|---|---|---|
| 999 |
_c7955 _d7955 |
||
| 001 | 7955 | ||
| 003 | BD-JhCC | ||
| 005 | 20180215182228.0 | ||
| 008 | 980129s1965 enk b 000 0 eng d | ||
| 035 | _a(BD-JhCC)7955 | ||
| 035 | _a(UkLCURL)o70012419964 | ||
| 040 |
_cOUN _dOCL _dEQO _dCUD _dUtOrBLW _dUtOrBLW _aBD-JhCC |
||
| 041 | _aeng | ||
| 050 | 4 | _aD358 | |
| 082 |
_a640.28 _bRUS 1965 |
||
| 100 | 1 |
_aRussell, Bertrand, _d1872-1970. |
|
| 245 | 1 | 0 |
_aFreedom versus organization, 1776-1914 / _cby Bertrand Russell. |
| 260 |
_aLondon : _bUnwin Books, _c[1965] |
||
| 300 |
_a247 p ; _c24 cm. |
||
| 500 | _aEnglish edition (London, G. Allen & Unwin, ltd.) has title: Freedom and organization, 1814-1914. | ||
| 504 | _aBibliography: p. 237-242. | ||
| 650 | 0 |
_aPolitical science _xHistory. |
|
| 650 | 0 | _aLiberty. | |
| 650 | 0 | _aCooperation. | |
| 651 | 0 |
_aEurope _xPolitics and government _y1789-1900. |
|
| 651 | 0 |
_aUnited States _xPolitics and government _y19th century. |
|
| 942 |
_2ddc _cBK |
||